000 00486nam a2200181Ia 4500
008 100920s9999 xx 000 0 und d
082 _b64819
_a570580 0
100 _aमहाबळ अनिल.
245 _aपक्षी.
260 _bजयदीप प्रकाशन, पुणे.
_c0
300 _a30
_bसाधी
365 _b45
520 _aशाऊ.
630 _aपक्षी.
650 _aशाऊ.
730 _aपक्षी.
942 _cBOOK
999 _c707799
_d707796